<?xml version="1.0" encoding="UTF-8"?>
<record
    xmlns:xsi="http://www.w3.org/2001/XMLSchema-instance"
    xsi:schemaLocation="http://www.loc.gov/MARC21/slim http://www.loc.gov/standards/marcxml/schema/MARC21slim.xsd"
    xmlns="http://www.loc.gov/MARC21/slim">

  <leader>00656nam a22002057a 4500</leader>
  <controlfield tag="003">OSt</controlfield>
  <controlfield tag="005">20260529072646.0</controlfield>
  <controlfield tag="008">260529b        |||||||| |||| 00| 0 eng d</controlfield>
  <datafield tag="040" ind1=" " ind2=" ">
    <subfield code="c">DLC</subfield>
  </datafield>
  <datafield tag="050" ind1=" " ind2=" ">
    <subfield code="a">LB1025.5</subfield>
    <subfield code="b">.M20 2025</subfield>
  </datafield>
  <datafield tag="100" ind1=" " ind2=" ">
    <subfield code="4">Renatus, Makolo </subfield>
  </datafield>
  <datafield tag="245" ind1=" " ind2=" ">
    <subfield code="a">Investigating the status of ICT integration in teacher colleges: </subfield>
    <subfield code="b">A focus on preparing competent teachers/ </subfield>
    <subfield code="c">Makolo, Renatus </subfield>
  </datafield>
  <datafield tag="260" ind1=" " ind2=" ">
    <subfield code="a">Dodoma: </subfield>
    <subfield code="b">The University of Dodoma; </subfield>
    <subfield code="c">2024 </subfield>
  </datafield>
  <datafield tag="300" ind1=" " ind2=" ">
    <subfield code="a">xv, 300p.: </subfield>
    <subfield code="b">ill.; </subfield>
    <subfield code="c">30 cm </subfield>
  </datafield>
  <datafield tag="504" ind1=" " ind2=" ">
    <subfield code="a">includes index </subfield>
  </datafield>
  <datafield tag="650" ind1=" " ind2=" ">
    <subfield code="a">Educational Tchnology </subfield>
    <subfield code="9">118478</subfield>
  </datafield>
  <datafield tag="650" ind1=" " ind2=" ">
    <subfield code="a">ICT</subfield>
  </datafield>
  <datafield tag="650" ind1=" " ind2=" ">
    <subfield code="a">Teachers competent</subfield>
    <subfield code="9">118479</subfield>
  </datafield>
  <datafield tag="942" ind1=" " ind2=" ">
    <subfield code="2">lcc</subfield>
    <subfield code="c">DIS</subfield>
  </datafield>
  <datafield tag="999" ind1=" " ind2=" ">
    <subfield code="c">41140</subfield>
    <subfield code="d">41138</subfield>
  </datafield>
  <datafield tag="952" ind1=" " ind2=" ">
    <subfield code="0">0</subfield>
    <subfield code="1">0</subfield>
    <subfield code="2">lcc</subfield>
    <subfield code="4">0</subfield>
    <subfield code="7">0</subfield>
    <subfield code="8">REF</subfield>
    <subfield code="a">03</subfield>
    <subfield code="b">03</subfield>
    <subfield code="c">REF</subfield>
    <subfield code="d">2026-05-29</subfield>
    <subfield code="l">0</subfield>
    <subfield code="o">LB1025.5 .M20 2025</subfield>
    <subfield code="p">18424516</subfield>
    <subfield code="r">2026-05-29 07:27:31</subfield>
    <subfield code="t">C.1</subfield>
    <subfield code="w">2026-05-29</subfield>
    <subfield code="y">DIS</subfield>
  </datafield>
  <datafield tag="952" ind1=" " ind2=" ">
    <subfield code="0">0</subfield>
    <subfield code="1">0</subfield>
    <subfield code="2">lcc</subfield>
    <subfield code="4">0</subfield>
    <subfield code="7">0</subfield>
    <subfield code="8">REF</subfield>
    <subfield code="a">03</subfield>
    <subfield code="b">03</subfield>
    <subfield code="c">REF</subfield>
    <subfield code="d">2026-05-29</subfield>
    <subfield code="l">0</subfield>
    <subfield code="o">LB1025.5 .M20 2025</subfield>
    <subfield code="p">18424517</subfield>
    <subfield code="r">2026-05-29 07:28:24</subfield>
    <subfield code="t">C.2</subfield>
    <subfield code="w">2026-05-29</subfield>
    <subfield code="y">DIS</subfield>
  </datafield>
</record>
